[Event "Bratislava"]
[Site "?"]
[Date "2002.10.12"]
[Round "4.14"]
[White "Szollos Ondrej"]
[Black "Harasta Vladimir"]
[Result "0-1"]
[WhiteElo "2121"]
[BlackElo "2177"]
[PlyCount "67"]
[EventDate "2002.??.??"]
[Source "www.chesslib.no"]
[SourceDate "2004.05.04"]

1. Nf3 d5 2. d3 c6 3. Nbd2 Bg4 4. c3 Nd7 5. Qc2 e6 6. a4 Ngf6 7. a5 Bd6 8. a6 b6 9. Nd4 Rc8 10. e4 e5 11. Nf5 Bxf5 12. exf5 O-O 13. Be2 Re8 14. O-O Qc7 15. g3 Re7 16. Bf3 Rce8 17. Re1 Nc5 18. Bg2 Qc8 19. d4 Nxa6 20. Bf1 Nb8 21. dxe5 Bxe5 22. Nf3 a5 23. Be3 Bc7 24. Nh4 Nbd7 25. Red1 b5 26. b3 Qb7 27. c4 dxc4 28. bxc4 b4 29. Qa4 Rxe3 30. fxe3 Nc5 31. Qc2 b3 32. Qe2 a4 33. Rdb1 Be5 34. Ra3 0-1

[Event "AS04 Centenaire"]
[Site "?"]
[Date "2004.02.11"]
[Round "5"]
[White "Standal Bard"]
[Black "Larsen Pet"]
[Result "0-1"]
[WhiteElo "1981"]
[BlackElo "2274"]
[PlyCount "38"]
[EventDate "2004.??.??"]
[Source "www.chesslib.no"]
[SourceDate "2004.05.04"]

1. Nf3 d5 2. d3 Nc6 3. Nbd2 e5 4. e4 f5 5. exd5 Qxd5 6. Qe2 Bd6 7. c3 Nf6 8. g3 O-O 9. Bg2 e4 10. dxe4 fxe4 11. Nh4 Bg4 12. Qc4 g5 13. Qxd5+ Nxd5 14. Bxe4 Rae8 15. f3 gxh4 16. fxg4 Nf6 17. O-O Nxe4 18. Rxf8+ Bxf8 19. gxh4 Bc5+ 0-1

[Event "Ch Sachsen"]
[Site "GER"]
[Date "1996.??.??"]
[Round "1"]
[White "Zickelbein, Eva-Maria"]
[Black "Kruek Josef"]
[Result "0-1"]
[WhiteElo "2124"]
[BlackElo "2131"]
[PlyCount "95"]
[EventDate "1996.??.??"]
[Source "www.chesslib.no"]
[SourceDate "2004.05.04"]

1. Nf3 d5 2. d3 g6 3. Nbd2 Bg7 4. e4 Nc6 5. c3 h5 6. exd5 Qxd5 7. d4 Qe6+ 8. Be2 h4 9. O-O h3 10. g3 b6 11. Re1 Bb7 12. Ba6 Qc8 13. Bxb7 Qxb7 14. d5 Nb8 15. Ne4 Nd7 16. c4 Ngf6 17. Nxf6+ Bxf6 18. Bg5 O-O-O 19. Bxf6 exf6 20. Re7 g5 21. Qd4 Kb8 22. Rae1 Qa6 23. a3 Qa5 24. Qe3 Qc5 25. Nd4 Ne5 26. Rxe5 fxe5 27. Nc6+ Kc8 28. Qxc5 bxc5 29. Nxd8 Rxd8 30. Rxe5 f6 31. Re6 Kd7 32. Rxf6 Rb8 33. f4 g4 34. Rg6 Rxb2 35. Rxg4 Rg2+ 36. Kf1 Rxh2 37. Rh4 Rc2 38. Rxh3 Rxc4 39. Kg2 Kd6 40. Rh5 Ra4 41. Kf3 Rxa3+ 42. Ke4 Ra4+ 43. Kd3 a5 44. f5 Rg4 45. f6 Rxg3+ 46. Ke4 Rg8 47. Rf5 a4 48. Kf4 0-1

[Event "It (Open) Villa Ballester ARG"]
[Site "?"]
[Date "2005.01.28"]
[Round "5"]
[White "Sarquis Maria Belen"]
[Black "Alvarez Roberto"]
[Result "0-1"]
[WhiteElo "2121"]
[BlackElo "2133"]
[PlyCount "82"]
[EventDate "2005.??.??"]
[Source "www.chesslib.no"]
[SourceDate "2004.05.04"]

1. Nf3 d5 2. d3 Bg4 3. Nbd2 Nf6 4. g3 Nbd7 5. Bg2 e5 6. e4 dxe4 7. dxe4 Bc5 8. O-O O-O 9. h3 Bh5 10. g4 Bg6 11. Nh4 Re8 12. Nf5 a5 13. Qf3 a4 14. a3 Qb8 15. Rd1 Nf8 16. Nf1 Ne6 17. c3 b5 18. N1g3 Rd8 19. Rxd8+ Qxd8 20. h4 Rb8 21. h5 Bxf5 22. gxf5 Nf8 23. Bg5 h6 24. Bh4 Rb6 25. Nf1 Rd6 26. Kh1 N8h7 27. Qe2 Qe8 28. Re1 c6 29. Bg3 Nd7 30. Ne3 f6 31. Bf3 Nb6 32. Qc2 Ng5 33. Bd1 Bxe3 34. fxe3 Nc4 35. b3 Rd2 36. Qb1 axb3 37. Be2 Rxe2 38. Rxe2 Qxh5+ 39. Rh2 Qf3+ 40. Rg2 Nxe3 41. Qxb3+ Kh7 0-1

[Event "Slovakia"]
[Site "?"]
[Date "2001.??.??"]
[Round "6"]
[White "Szollos Ondrej"]
[Black "Harceg Boris"]
[Result "0-1"]
[WhiteElo "2113"]
[BlackElo "2130"]
[PlyCount "92"]
[EventDate "2001.??.??"]
[Source "www.chesslib.no"]
[SourceDate "2004.05.04"]

1. Nf3 d5 2. d3 Bg4 3. Nbd2 Nf6 4. c3 Nc6 5. Qc2 e5 6. e4 a6 7. Be2 dxe4 8. dxe4 Bc5 9. O-O O-O 10. Nc4 Qe7 11. Bg5 h6 12. Bh4 Qe6 13. b3 Nxe4 14. Ncxe5 Nxe5 15. Qxe4 Nxf3+ 16. Bxf3 Qxe4 17. Bxe4 c6 18. h3 Be6 19. Rad1 Rfe8 20. Rfe1 a5 21. Bd3 a4 22. b4 Bf8 23. Re2 g5 24. Bg3 Bg7 25. c4 Red8 26. Red2 Kh8 27. a3 Bc3 28. Rc2 Bf6 29. Rdd2 Rd7 30. Be2 Rad8 31. Rxd7 Rxd7 32. Bf3 Rd3 33. b5 Rxa3 34. bxc6 bxc6 35. Bxc6 Ra1+ 36. Kh2 a3 37. Bc7 a2 38. Kg3 Kg7 39. Bd5 Bf5 40. Re2 Bxh3 41. c5 Be6 42. Bxe6 fxe6 43. Rc2 h5 44. Kf3 e5 45. c6 g4+ 46. Kg3 Rh1 0-1

[Event "Wch U20 Girls"]
[Site "Zagan"]
[Date "1997.07.26"]
[Round "12"]
[White "Chu, Stefanie"]
[Black "Movsisian, Naira"]
[Result "0-1"]
[WhiteElo "2095"]
[BlackElo "2145"]
[PlyCount "104"]
[EventDate "1997.07.14"]
[Source "ChessBase"]
[SourceDate "1997.09.26"]

1. Nf3 d5 2. d3 c5 3. e4 d4 4. Be2 Nc6 5. O-O e5 6. Nbd2 Bd6 7. a4 Nge7 8. Nc4 O-O 9. Ne1 Bc7 10. Bg4 a6 11. Bxc8 Rxc8 12. g3 Ng6 13. Ng2 Rb8 14. Qh5 b5 15. axb5 axb5 16. Na3 Na5 17. f4 exf4 18. gxf4 b4 19. Nc4 Nxc4 20. dxc4 d3 21. Be3 f6 22. Rf3 Rf7 23. Rh3 Nf8 24. Bxc5 dxc2 25. Qd5 Qxd5 26. exd5 Nd7 27. Bd4 Bb6 28. Bxb6 Nxb6 29. b3 Nxc4 30. Rc1 Na3 31. Rd3 Rd7 32. Ne3 Kf7 33. Kf2 g6 34. Ke2 h6 35. Kd2 Rb5 36. Rd4 f5 37. Kd3 Kg7 38. Kd2 Kf6 39. Kd3 g5 40. fxg5+ hxg5 41. d6 Ke6 42. Nc4 f4 43. Nxa3 bxa3 44. Kc4 Ra5 45. Kb4 Ra8 46. Re1+ Kf6 47. Rc4 a2 48. Ra1 Rb7+ 49. Kc5 Rxb3 50. d7 Rb1 51. Rxa2 c1=Q 52. Rxa8 Qe3+ 0-1